Flags of the Former and Current Communist Nations - Statistics

General Stats
  • This quiz has been taken 113 times
    84 since last reset
  • The average score is 36 of 49
Answer Stats
Picture Answer % Correct
Byelorussian Soviet Socialist Republic
100%
China
100%
Cuba
100%
Laos
100%
Vietnam
100%
People's Socialist Republic of Albania
98%
Soviet Union
98%
Ukrainian Soviet Socialist Republic
98%
Uzbek Socialist Soviet Republic
98%
Hungarian People's Republic
96%
Polish People's Republic
96%
Lithuanian Soviet Socialist Republic
95%
North Korea
95%
Socialist Republic of Romania
95%
Estonian Soviet Socialist Republic
93%
Latvian Soviet Socialist Republic
93%
Mongolian People's Republic
93%
People's Republic of Bulgaria
93%
Somali Democratic Republic
91%
Yugoslavia
91%
Georgian Soviet Socialist Republic
89%
Armenian Soviet Socialist Republic
88%
East Germany
88%
People's Republic of Angola
88%
Czechoslovak Socialist Republic
86%
Azerbaijan Soviet Socialist Republic
84%
Moldavian Soviet Socialist Republic
84%
Kazakh Soviet Socialist Republic
82%
Tajik Soviet Socialist Republic
82%
Turkmen Soviet Socialist Republic
82%
Provisional Government of National Union and National Salvation of Cambodia
79%
Democratic Republic of Sudan
74%
People's Democratic Republic of Ethiopia
74%
Provisional Democratic Government
72%
People's Republic of Mozambique
70%
South Yemen
70%
People's Revolutionary Government of Grenada
67%
Upper Volta
65%
Russian Soviet Socialist Republic
60%
Democratic Republic of Afghanistan
58%
People's Republic of the Congo
47%
People's Republic of Benin
46%
Karelo-Finnish Soviet Socialist Republic
14%
Seychelles
14%
Alsace-Lorraine Soviet Republic
5%
Kirghiz Soviet Socialist Republic
5%
Mahabad
5%
Asturian Socialist Republic
4%
Marquetalia
2%
No matching quizzes found
Score Distribution
Percent of People with Each Score
Percentile by Number Answered
Your Score History
You have not taken this quiz since the last reset